विश्व के वन्य पशु (Record no. 1499)

MARC details
000 -LEADER
fixed length control field 01031 a2200217 4500
005 - DATE AND TIME OF LATEST TRANSACTION
control field 2008090905495.0
008 - FIXED-LENGTH DATA ELEMENTS--GENERAL INFORMATION
fixed length control field 080909t xxu||||| |||| 00| 0 hin d
010 ## - LIBRARY OF CONGRESS CONTROL NUMBER
LC control number HIN-79293
020 ## - INTERNATIONAL STANDARD BOOK NUMBER
Terms of availability 95.00
International Standard Book Number si70770955
035 ## - SYSTEM CONTROL NUMBER
System control number HN-51639
037 ## - SOURCE OF ACQUISITION
Source of stock number/acquisition D.B.Act / pub
082 ## - DEWEY DECIMAL CLASSIFICATION NUMBER
Classification number 599
100 ## - MAIN ENTRY--PERSONAL NAME
Personal name शुक्ल, उमेशकुमार
245 ## - TITLE STATEMENT
Title विश्व के वन्य पशु
Statement of responsibility, etc उमेशकुमार शुक्ल
246 ## - VARYING FORM OF TITLE
Title proper/short title Vishva ke Vanya Pashu
Remainder of title by Umesh Kumar Shukla
260 ## - PUBLICATION, DISTRIBUTION, ETC. (IMPRINT)
Place of publication, distribution, etc दिल्ली
Name of publisher, distributor, etc गोविन्दराम हासानन्द
Date of publication, distribution, etc 2006
270 ## - ADDRESS
Address 4408, नई सड़क
City दिल्ली
Postal code 110006
Telephone number 23977216
Electronic mail address www.vedicbooks.com
300 ## - PHYSICAL DESCRIPTION
Extent 104पृ
Dimensions 22 सेमी (सजिल्द)
Other physical details सचित्र
942 ## - ADDED ENTRY ELEMENTS (KOHA)
Institution code [OBSOLETE] dpl
Koha item type Hindi Books
Call number prefix 599 / शुक्लउ
Source of classification or shelving scheme Dewey Decimal Classification
Classification part 599
Call number suffix शुक्लउ
Holdings
Withdrawn status Lost status Damaged status Not for loan Home library Current library Date acquired Cost, normal purchase price Total Checkouts Full call number Barcode Date last seen Copy number Uniform Resource Identifier Cost, replacement price Price effective from Koha item type
        D.B.Act.Division D.B.Act.Division 09/09/2008 95.00   599 शुक्लउ HN-51639 15/09/2008 1 1576 95.00 15/09/2008 Hindi Books

© Delhi Public Library
Hit Counter
free hit counter